[Event "Asian Continental w 2012"]
[Site "Ho Chi Minh City VIE"]
[Date "2012.05.05"]
[Round "1.9"]
[White "Guo Qi"]
[Black "Medina,W"]
[Result "0-1"]
[WhiteElo "2360"]
[BlackElo "2172"]

1.d4 d5 2.c4 Nc6 3.Nf3 Bg4 4.cxd5 Qxd5 5.Nc3 Qa5 6.d5 Bxf3 7.gxf3 O-O-O 8.Bd2 Ne5
9.Qb3 Nf6 10.f4 Ned7 11.e4 Qb6 12.e5 Ng4 13.Qxb6 axb6 14.Bh3 h5 15.Ke2 Kb8
16.b4 c6 17.dxc6 bxc6 18.Bg2 e6 19.Ne4 Nh6 20.Rab1 Be7 21.a4 Nf5 22.Be3 Nh4
23.Bh3 Kc7 24.b5 c5 25.Rhc1 Ra8 26.Rc4 Ra7 27.Ng5 Bxg5 28.fxg5 Nf5 29.f4 Rha8
30.Ra1 Ra5 31.Bg2 R8a7 32.Bf2 Rxb5 33.Be4 Rb2+ 34.Kf3 g6 35.h3 Rb3+ 36.Ke2 Rxh3
37.Bf3 h4 38.Ra3 Ng3+ 39.Ke1 Rh2 40.Rcc3 Ra5 41.Rab3 Nb8 42.Rb5 Na6 43.Rxa5 bxa5
44.Rb3 Nb4 45.Rc3 Kd7 46.Bxc5 Ra2 47.Bb6 Nd5 48.Rd3 Rxa4 49.Bxd5 exd5 50.Rxd5+ Ke6
51.Rd3 Rxf4 52.Bxa5 Rf1+ 53.Kd2 Rf2+ 54.Ke3 Re2+ 55.Kf3 Rxe5 56.Bd8 Rd5 57.Rxd5 Kxd5
58.Kg4 Nf5 59.Ba5 Ke4 60.Bb6 h3 61.Bc7 Nd4 62.Bd6 Nf3 63.Kxh3 Nxg5+ 64.Kg3 f5
65.Bb8 Ne6 66.Bc7 g5 67.Bd8 g4 68.Ba5 Nd4 69.Bd2 Ne2+ 70.Kf2 Nf4 71.Kg3 Nh5+
72.Kh4 g3 73.Be1 Kf3 74.Bb4  0-1

[Event "Ostravsky Konik A"]
[Site "Ostrava CZE"]
[Date "2012.05.06"]
[Round "9.1"]
[White "Kociscak,J"]
[Black "Plat,V"]
[Result "1/2-1/2"]
[WhiteElo "2340"]
[BlackElo "2436"]

1.d4 d5 2.c4 Nc6 3.Bf4 dxc4 4.Nf3 Nf6 5.e3 Bg4 6.Bxc4 e5 7.Bxe5 Nxe5 8.dxe5 Qxd1+
9.Kxd1 Nd7 10.Be2 O-O-O 11.Nbd2 Bb4 12.a3 Bxd2 13.Kxd2 Nxe5+ 14.Kc3 Rd5 15.b4 Nxf3
16.gxf3 Bh5 17.Bc4 Rd7 18.Rhg1 g6 19.Be2 Rd6 20.Rad1 Rhd8 21.Rxd6 Rxd6 22.Bc4 Rf6
23.f4 Kd7 24.Rg5 Bf3 25.Re5 c6 26.Ra5 a6 27.Re5 Bg4 28.h4 h6 29.a4 Bf3 30.a5 Bg2
31.Bb3 Bf3  1/2-1/2

[Event "21st CRO-Cup"]
[Site "Sibenik CRO"]
[Date "2012.05.17"]
[Round "2.103"]
[White "Bonaca,D"]
[Black "Juranic,B"]
[Result "0-1"]
[WhiteElo "1960"]
[BlackElo "2175"]

1.d4 d5 2.c4 Nc6 3.Nf3 e5 4.Nxe5 Nxe5 5.dxe5 d4 6.Nd2 Ne7 7.Nf3 Nc6 8.a3 Bg4
9.Bf4 Qd7 10.Qb3 O-O-O 11.h3 Bxf3 12.Qxf3 h6 13.h4 Qe6 14.g3 Qxc4 15.Bg2 d3
16.Rc1 Qb5 17.O-O dxe2 18.Rfe1 Nd4 19.Qe4 Nb3 20.Rc2 Bc5 21.Rcxe2 Kb8 22.Be3 Rhe8
23.f4 Bxe3+ 24.Rxe3 Rd2 25.R3e2 Red8 26.f5 Nc5 27.Qe3 R2d3 28.Qf2 Rd1 29.e6 fxe6
30.fxe6 Rxe1+ 31.Rxe1 Re8 32.e7 a6 33.b4 Nd3 34.Bf1 Nxf2 35.Bxb5 axb5 36.Kxf2 Kc8
37.Re5 c6 38.Ke3 Kd7 39.Kd4 b6 40.g4 Rxe7 41.Rxe7+ Kxe7 42.Ke5 c5 43.bxc5 bxc5  0-1

[Event "6th Wunsiedel Open"]
[Site "Wunsiedel GER"]
[Date "2012.05.18"]
[Round "4"]
[White "Cech,P"]
[Black "Stips,F"]
[Result "1/2-1/2"]
[WhiteElo "2380"]
[BlackElo "2196"]

1.d4 d5 2.c4 Nc6 3.Nf3 Bg4 4.cxd5 Bxf3 5.gxf3 Qxd5 6.e3 e5 7.Nc3 Bb4 8.Bd2 Bxc3
9.bxc3 Qd6 10.f4 exf4 11.e4 Nge7 12.Qf3 Ng6 13.e5 Qe6 14.Be2 O-O-O 15.Bxf4 f6
16.exf6 Nxf4 17.Qxf4 Rhe8 18.Qf3 gxf6 19.Kf1 Rxd4 20.cxd4 Nxd4 21.Qd3 Nxe2
22.Re1 Ng3+ 23.Kg2 Ne2 24.Kf1 Ng3+ 25.Kg2 Ne2 26.Kf1  1/2-1/2

[Event "21st CRO-Cup"]
[Site "Sibenik CRO"]
[Date "2012.05.19"]
[Round "5.22"]
[White "Kuljasevic,D"]
[Black "Fercec,N"]
[Result "1-0"]
[WhiteElo "2574"]
[BlackElo "2460"]

1.d4 d5 2.c4 Nc6 3.cxd5 Qxd5 4.e3 e5 5.Nc3 Bb4 6.a3 Bxc3+ 7.bxc3 Nf6 8.c4 Qd6
9.d5 Ne7 10.a4 Ne4 11.Ba3 Nc5 12.Ne2 Bf5 13.Nc3 a6 14.Be2 b6 15.O-O O-O 16.a5 Qg6
17.Bh5 Qg5 18.Bxc5 bxc5 19.Na4 e4 20.Kh1 Rad8 21.f4 exf3 22.Bxf3 Qxe3 23.Re1 Qg5
24.Nxc5 Ng6 25.Nxa6 Qf4 26.c5 Qc4 27.Nxc7 Qxc5 28.Qc1 Qd6 29.Qc6 Qf4 30.a6 Nh4
31.Qa4 Qg5 32.a7 Nxf3 33.gxf3 Bh3 34.Rg1 Qe7 35.Qd4 g6 36.a8=Q Qxc7 37.Qa5 Qd7
38.Qac3  1-0

[Event "Salento Open 2012"]
[Site "Gallipoli ITA"]
[Date "2012.05.22"]
[Round "5"]
[White "Naumkin,I"]
[Black "Pizzuto,S"]
[Result "1-0"]
[WhiteElo "2472"]
[BlackElo "2132"]

1.d4 d5 2.c4 Nc6 3.Nf3 Bg4 4.cxd5 Bxf3 5.gxf3 Qxd5 6.e3 e5 7.Nc3 Bb4 8.Bd2 Bxc3
9.bxc3 Nf6 10.c4 Qd6 11.d5 Ne7 12.Qb3 b6 13.Bb4 Qd7 14.h4 O-O 15.Bh3 Qd8
16.Qb2 Re8 17.Rd1 Nc8 18.Rg1 Nd6 19.Qe2 Nd7 20.Bc3 Nc5 21.f4 f6 22.fxe5 fxe5
23.Qg4 Qe7 24.f3 Rf8 25.Ke2 Rae8 26.Qh5 Rf7 27.Rg2 Qf6 28.Rdg1 Ree7 29.f4 Nxc4
30.Bf5 g6 31.Bxg6 Rg7 32.Bxh7+ Kf8 33.fxe5 Rxg2+ 34.Rxg2 Qf7 35.Qh6+  1-0

[Event "Orlova Open 2012"]
[Site "Orlova CZE"]
[Date "2012.05.22"]
[Round "2.19"]
[White "Szotkowski,J"]
[Black "Steinhauserova,A"]
[Result "1-0"]
[WhiteElo "2063"]
[BlackElo "1795"]

1.d4 d5 2.c4 Nc6 3.e3 e5 4.dxe5 d4 5.Nf3 Bb4+ 6.Bd2 dxe3 7.fxe3 Bg4 8.Nc3 Nge7
9.Be2 Bxf3 10.Bxf3 Nxe5 11.O-O N7c6 12.Bd5 O-O 13.a3 Bd6 14.Ne4 Qh4 15.Rf4 Qe7
16.Nxd6 Qxd6 17.Bc3 Rad8 18.Qh5 Ng6 19.Rf3 Nce5 20.Rh3 h6 21.Bb4 c5 22.Bc3 b5
23.b3 Qe7 24.Rf1 bxc4 25.bxc4 Rd6 26.Rf5 Rfd8 27.e4 Rf6 28.Bd2 Rb8 29.Rc3 Rb2
30.Bc1 Rb1 31.h3 Nf4 32.Rxe5 Qc7 33.Re8+ Kh7 34.Qd1 Qa5 35.Rc2 Nd3 36.e5  1-0

[Event "Salento Open 2012"]
[Site "Gallipoli ITA"]
[Date "2012.05.24"]
[Round "7"]
[White "Quaranta,C"]
[Black "Pizzuto,S"]
[Result "1-0"]
[WhiteElo "2088"]
[BlackElo "2132"]

1.d4 d5 2.c4 Nc6 3.Nc3 Nf6 4.cxd5 Nxd5 5.Nf3 Bf5 6.Qb3 e6 7.e4 Nxc3 8.exf5 Nd5
9.Bd2 Rb8 10.Bb5 Bd6 11.fxe6 fxe6 12.Ng5 Bb4 13.Nxe6 Qd6 14.Qxd5 Bxd2+ 15.Kxd2 Qb4+
16.Kc2 a6 17.Nxc7+ Kf8 18.Bc4 Qe7 19.Qf5+ Qf6 20.Qxf6+ gxf6 21.Ne6+ Ke7 22.Rae1 Kd6
23.Kb1 b5 24.Bb3 a5 25.Ng7 a4 26.Nf5+ Kc7 27.Bd5  1-0

[Event "ch-UZB Major 2012"]
[Site "Tashkent UZB"]
[Date "2012.05.24"]
[Round "8"]
[White "Barsov,A"]
[Black "Holmirzaev,B"]
[Result "1/2-1/2"]
[WhiteElo "2538"]
[BlackElo "2315"]

1.d4 d5 2.c4 Nc6 3.Nc3 dxc4 4.Nf3 Nf6 5.e3 e5 6.Bxc4 exd4 7.exd4 Bd6 8.O-O O-O
9.h3 h6 10.Re1 Bf5 11.d5 Ne7 12.Nd4 Bd7 13.Be3 a6 14.a4 Rb8 15.a5 Re8 16.Qb3 Ng6
17.Nf3 Qc8 18.Bf1 Ne5 19.Nd2 Bf5 20.Ba7 Ra8 21.Bd4 Bg6 22.Re3 Ned7 23.Rxe8+ Nxe8
24.Nc4 Bc5 25.Bxc5 Nxc5 26.Qb4 Nd3 27.Bxd3 Bxd3 28.Ne5 Bf5 29.g4 Bh7 30.Re1 Nd6
31.Nc4 Nxc4 32.Qxc4 Qd7 33.Qb4 Rb8 34.Qe7 Qc8 35.Re3 Bg6 36.f4 f6 37.Qe6+ Bf7
38.Qxc8+ Rxc8 39.Kf2 Kf8 40.Rd3 Rd8 41.Ke3 Rd6 42.Rd4 Ke7 43.Ke4 Be8 44.Rc4 c6
45.Rb4 cxd5+ 46.Nxd5+ Kf8 47.Nc3 Bc6+ 48.Ke3 Re6+ 49.Kf2 g5 50.Rd4 Kf7 51.b4 Re8
52.Ne2 Re4 53.Rxe4 Bxe4 54.Ng3 Bc6 55.Nf5 gxf4 56.Nxh6+ Kg6 57.Nf5 Kg5 58.Nd4 Bd5
59.Nf3+ Kg6 60.Nh4+ Kg5 61.Nf3+ Kg6 62.h4 Be6 63.Nh2 Bd5 64.Nf3 Be6 65.Nh2 Bd5
66.Nf3 Be6  1/2-1/2

[Event "Campeonato Individual Madrid 2012"]
[Site "Madrid ESP"]
[Date "2012.05.31"]
[Round "1.1"]
[White "Taboas Rodriguez,D"]
[Black "Rodrigo Yanguas,M"]
[Result "1-0"]
[WhiteElo "2410"]
[BlackElo "2198"]

1.d4 d5 2.c4 Nc6 3.e3 e5 4.dxe5 d4 5.exd4 Qxd4 6.Qxd4 Nxd4 7.Bd3 Be6 8.Nc3 O-O-O
9.Bg5 f6 10.exf6 gxf6 11.Bf4 Nh6 12.O-O-O Ng4 13.Bg3 h5 14.h3 Bh6+ 15.Kb1 Ne5
16.Bxe5 fxe5 17.Nge2 h4 18.b3 Rdf8 19.Rdf1 Rhg8 20.Rhg1 Nc6 21.Be4 Nd4 22.Nxd4 exd4
23.Nb5 Rf4 24.f3 Rf6 25.Nxd4 Be3 26.Nxe6 Bxg1 27.Rxg1 c6 28.Nd4 b5 29.Nxc6  1-0

[Event "TCh-NOR Clubs 2012"]
[Site "Fagernes NOR"]
[Date "2012.06.08"]
[Round "1"]
[White "Sorgjerd,J"]
[Black "Eriksen,Dag"]
[Result "1/2-1/2"]
[WhiteElo "2152"]
[BlackElo "1656"]

1.d4 d5 2.c4 Nc6 3.e3 e5 4.dxe5 d4 5.exd4 Qxd4 6.Qxd4 Nxd4 7.Bd3 Be6 8.Be3 O-O-O
9.Nd2 Nc6 10.Be2 Nxe5 11.O-O-O Bb4 12.Ngf3 Ng4 13.Ng5 Nxe3 14.fxe3 Nh6 15.Nxe6 fxe6
16.Nf3 Nf5 17.e4 Ne3 18.Rxd8+ Rxd8 19.g3 Ng4 20.Rd1 Rxd1+ 21.Bxd1 Kd7 22.Bc2 h6
23.a3 Bd6 24.b4 Ne5 25.Nxe5+ Bxe5 26.Bd1 Bd4 27.Kc2 Kd6 28.g4 Ke5 29.Kd3 Bg1
30.h4 Kf4 31.h5 c5 32.b5 b6  1/2-1/2

[Event "26th Pula Open"]
[Site "Pula CRO"]
[Date "2012.06.14"]
[Round "7.2"]
[White "Drazic,S"]
[Black "Romero Holmes,A"]
[Result "1/2-1/2"]
[WhiteElo "2528"]
[BlackElo "2521"]

1.d4 d5 2.c4 Nc6 3.Nf3 Bg4 4.cxd5 Bxf3 5.dxc6 Bxc6 6.Nc3 e6 7.e4 Bb4 8.f3 Qh4+
9.g3 Qh5 10.Kf2 O-O-O 11.Be3 f5 12.Bc4 Qg6 13.Qb3 Bxc3 14.Bxe6+ Bd7 15.Bxf5 Bxf5
16.exf5 Qxf5 17.bxc3 Rf8 18.Qd1 Nf6 19.Kg2 Nd5 20.Bd2 Qd3 21.Re1 Re8 22.Re5 Rxe5
23.dxe5 Nxc3 24.Bxc3 Qxc3 25.f4 Rd8 26.Qg4+ Kb8 27.Rf1 g6 28.Rf2 a5 29.Re2 Rd2
30.Rxd2 Qxd2+ 31.Kh3 c6 32.e6 Kc7 33.Qg5 Qe2 34.Qxa5+ Kc8 35.Qa8+ Kc7 36.Qa5+ Kc8  1/2-1/2

[Event "26th Pula Open"]
[Site "Pula CRO"]
[Date "2012.06.15"]
[Round "8.2"]
[White "Martinovic,Sa"]
[Black "Fercec,N"]
[Result "1/2-1/2"]
[WhiteElo "2504"]
[BlackElo "2460"]

1.d4 d5 2.c4 Nc6 3.Nc3 dxc4 4.d5 Ne5 5.f4 Ng4 6.e4 e5 7.Nf3 exf4 8.Bxf4 Bc5
9.Qa4+ Bd7 10.Qxc4 Bf2+ 11.Kd2 Qf6 12.e5 Qb6 13.Kc2 Ne7 14.h3 Ne3+ 15.Bxe3 Bxe3
16.Bd3 O-O-O 17.Rhe1 Kb8 18.Rad1  1/2-1/2

[Event "3rd Forni di Sopra Open"]
[Site "Forni di Sopra ITA"]
[Date "2012.06.17"]
[Round "2"]
[White "Narciso Dublan,M"]
[Black "Bove,A"]
[Result "1-0"]
[WhiteElo "2541"]
[BlackElo "2362"]

1.d4 d5 2.c4 Nc6 3.Nc3 dxc4 4.d5 Ne5 5.f4 Ng4 6.e4 e5 7.Nf3 Bc5 8.h3 Nf2
9.Qa4+ Bd7 10.Qxc4 Nxh1 11.Qxc5 Ng3 12.Nb5 Rc8 13.d6 Nxf1 14.Nxc7+ Kf8 15.Kxf1 Nf6
16.fxe5 Nxe4 17.Qb4 Ng3+ 18.Kf2 a5 19.Qc4 Nf5 20.g4 Be6 21.Qc5 b6 22.Qa3 Ne7
23.Bg5 Kg8 24.Rc1 Qd7 25.dxe7  1-0

[Event "ch-FIN 2012"]
[Site "Helsinki FIN"]
[Date "2012.06.20"]
[Round "10"]
[White "Maki Uuro,Mi"]
[Black "Ebeling,D"]
[Result "1-0"]
[WhiteElo "2332"]
[BlackElo "2279"]

1.d4 d5 2.c4 Nc6 3.Nc3 dxc4 4.Nf3 Nf6 5.Bg5 h6 6.Bh4 a6 7.e4 b5 8.d5 Na5
9.e5 g5 10.Bg3 Nh5 11.e6 Nxg3 12.Ne5 Qd6 13.Nxf7 Qb4 14.Qc2 Nxh1 15.Qg6 c5
16.O-O-O Nxf2 17.d6 Nxd1 18.Nxh8+ Kd8 19.Nf7+ Ke8 20.Nxg5+ Kd8 21.Nf7+ Ke8
22.Ne5+ Kd8 23.Qf7 Qxb2+ 24.Kxd1 exd6 25.Qxf8+ Kc7 26.Nd5+ Kb7 27.Qe7+  1-0

[Event "Stockholm Master Open 2012"]
[Site "Stockholm SWE"]
[Date "2012.06.28"]
[Round "1.12"]
[White "Fors,T"]
[Black "Logdahl,H"]
[Result "0-1"]
[WhiteElo "2059"]
[BlackElo "2259"]

1.d4 d5 2.c4 Nc6 3.Nc3 dxc4 4.d5 Ne5 5.Qd4 Ng6 6.e4 e5 7.Qxc4 a6 8.Nf3 Bd6
9.Be2 Nf6 10.O-O O-O 11.b4 Qe7 12.Rb1 Nh5 13.g3 Bh3 14.Re1 Nf6 15.Bd2 h6
16.Bf1 b5 17.Qb3 Qd7 18.Kh1 Bxf1 19.Rxf1 Qg4 20.Kg2 Nxe4 21.Nxe4 Qxe4 22.Rfe1 Qf5
23.Be3 Qd7 24.Rbc1 f5 25.Bc5 f4 26.h3 fxg3 27.fxg3 Rf6 28.Nd2 Raf8 29.Ne4 Rf5
30.Qd3 Ne7 31.Rcd1 R5f7 32.a3 Kh8 33.Qe2 Ng8 34.Bxd6 cxd6 35.Rf1 Nf6 36.Nxf6 Rxf6
37.Rxf6 Rxf6 38.Rc1 Qf5 39.Rc6 e4  0-1

[Event "40th TCh-GRE 2012"]
[Site "Achaea GRE"]
[Date "2012.07.01"]
[Round "2.5"]
[White "Ballas,K"]
[Black "Kelesiadis,G"]
[Result "0-1"]
[WhiteElo "1970"]
[BlackElo "2096"]

1.d4 d5 2.c4 Nc6 3.Nc3 dxc4 4.Nf3 Nf6 5.Bf4 Nd5 6.Bg3 Bf5 7.e3 e6 8.Bxc4 Be7
9.O-O Nxc3 10.bxc3 O-O 11.Nd2 Na5 12.Be2 c5 13.e4 Bg6 14.f4 cxd4 15.f5 dxc3
16.Nb3 Qxd1 17.Raxd1 c2 18.Nxa5 cxd1=Q 19.Bxd1 Bc5+ 20.Kh1 b6 21.Nb7 Bb4
22.fxg6 hxg6 23.Bb3 Rac8 24.Bd6 Bxd6 25.Nxd6 Rc7 26.Kg1 Re7 27.e5 f6 28.Ne4 fxe5
29.Ng5 Rxf1+ 30.Kxf1 Kf8 31.Ke2 Rd7 32.Bxe6 Rd4 33.Nf3 Rb4 34.Ke3 Ke7 35.Bb3 Kf6
36.Nd2 a5 37.a3 Rh4 38.h3 b5 39.Ne4+ Ke7 40.Bd5 Rh8 41.Bc6 Rb8 42.Nd2 a4
43.Ne4 b4 44.axb4 Rxb4 45.Bd5 a3 46.Nc3 g5 47.Bg8 Kd6 48.Ne4+ Kc6 49.Nxg5 Rb2
50.Ke4 Rxg2 51.h4 Re2+ 52.Kf5 Rh2 53.Kg6 Rxh4 54.Kxg7 e4 55.Kf6 e3 56.Ke5 Rh5  0-1

[Event "40th TCh-GRE 2012"]
[Site "Achaea GRE"]
[Date "2012.07.01"]
[Round "3.14"]
[White "Papadakis,Georgios D."]
[Black "Sourgkounis,A"]
[Result "0-1"]
[WhiteElo "1563"]
[BlackElo "1898"]

1.d4 d5 2.c4 Nc6 3.Nf3 Bg4 4.e3 e6 5.Nc3 Nf6 6.b3 Bb4 7.Bb2 Ne4 8.Rc1 O-O
9.a3 Bxc3+ 10.Bxc3 a5 11.Be2 Qe7 12.Bb2 Bxf3 13.Bxf3 f5 14.O-O Nd8 15.cxd5 exd5
16.Rc2 c6 17.Qc1 Ne6 18.g3 Rf6 19.Bg2 Qf7 20.f4 h5 21.Bxe4 fxe4 22.a4 g5
23.Rff2 g4 24.Ba3 Qd7 25.Qd2 Ng7 26.Bc5 Qc7 27.Qe1 Nf5 28.Rc1 Kf7 29.Rfc2 Rh8
30.Rg2 Rfh6 31.Kf2 Qd8 32.Qe2 Rg6 33.Ba3 h4 34.Bc5 hxg3+ 35.hxg3 Rh3 36.Rb1 Qh8
37.Rbg1 Rh2 38.Bb6 Nxg3 39.Qe1 Qh4 40.Rxh2 Qxh2+ 41.Rg2 Nh1+ 42.Kf1 Qh3 43.Bxa5 Qf3+
44.Kg1 Rh6 45.Qe2 g3 46.Be1 Nf2 47.Kf1 Rh1+ 48.Rg1 g2+  0-1

[Event "NIKI Open 2012"]
[Site "Nachod CZE"]
[Date "2012.07.04"]
[Round "5.3"]
[White "Voloshin,L"]
[Black "Cernik,L"]
[Result "1-0"]
[WhiteElo "2434"]
[BlackElo "2194"]

1.d4 d5 2.c4 Nc6 3.Nf3 Bg4 4.cxd5 Bxf3 5.gxf3 Qxd5 6.e3 e5 7.Nc3 Bb4 8.a3 Bxc3+
9.bxc3 Qd6 10.dxe5 Qxe5 11.Qc2 Nge7 12.Bb2 Rd8 13.f4 Qe6 14.Bd3 Qg4 15.Qe2 Qxe2+
16.Kxe2 g6 17.c4 Rf8 18.h4 h5 19.Bc3 Kd7 20.Rhg1 Ke6 21.Rg5 f6 22.Rb5 b6
23.Bxg6 Nxg6 24.f5+ Kf7 25.fxg6+ Kxg6 26.Rg1+ Kf7 27.Rf5 Ke6 28.Rxh5 Rf7
29.f4 a5 30.f5+ Ke7 31.Rg4 Rdf8 32.Rh6 Kd6 33.Re4 Kc5 34.Kd3 Nd8 35.h5 b5
36.Re5+ fxe5 37.Bd4+  1-0

[Event "Werner-Ott-Open 2012"]
[Site "Berlin GER"]
[Date "2012.07.07"]
[Round "1.2"]
[White "Metin,Altug"]
[Black "Rabiega,R"]
[Result "0-1"]
[WhiteElo "1777"]
[BlackElo "2500"]

1.d4 d5 2.c4 Nc6 3.Nc3 dxc4 4.e3 e5 5.Nf3 exd4 6.exd4 Bd6 7.Bxc4 Nf6 8.Qe2+ Qe7
9.Qxe7+ Kxe7 10.O-O Bg4 11.Re1+ Kf8 12.Ne5 Re8 13.Be3 Nxe5 14.dxe5 Bxe5 15.Bc5+ Bd6
16.Bxd6+ cxd6 17.Rxe8+ Nxe8 18.Bd5 b6 19.Re1 Nc7 20.Bc6 Be6 21.b3 h5 22.Ne4 Ke7
23.Ng5 d5 24.f4 g6 25.Kf2 Rd8 26.b4 d4 27.f5 gxf5 28.Bf3 h4 29.Bh5 Kf6 30.Nf3 Rh8  0-1

[Event "Int Open ch-SVK 2012"]
[Site "Banska Stiavnica SVK"]
[Date "2012.07.08"]
[Round "2.16"]
[White "Jancovic,P"]
[Black "Biolek,R1"]
[Result "1-0"]
[WhiteElo "2151"]
[BlackElo "2404"]

1.d4 d5 2.c4 Nc6 3.e3 dxc4 4.Bxc4 e5 5.Nf3 Bb4+ 6.Nc3 exd4 7.exd4 Nf6 8.a3 Qe7+
9.Be3 Bxc3+ 10.bxc3 Be6 11.Be2 Nd5 12.Bd2 Nb6 13.O-O O-O 14.Re1 Qd7 15.Qc2 Bf5
16.Bd3 Bxd3 17.Qxd3 Qd5 18.Ng5 g6 19.Qh3 h5 20.Ne4 f5 21.Nc5 Rfe8 22.Qg3 Qf7
23.Nxb7 Nc4 24.Bf4 Kh7 25.Nc5 Nxa3 26.h4 Nc4 27.Bxc7 a5 28.Bf4 Nb6 29.Reb1 Nd5
30.Bg5 f4 31.Qd3 Ra7 32.Qc4 Rc7 33.Re1 Rxe1+ 34.Rxe1 Qf5 35.Ne6 f3 36.Nxc7 Qg4
37.g3 Qh3 38.Qf1 Qxf1+ 39.Kxf1 Nxc7 40.c4  1-0

[Event "22nd HOF Open 2012"]
[Site "Jyvaskyla FIN"]
[Date "2012.07.10"]
[Round "2"]
[White "Sakalauskas,V"]
[Black "Koivula,J"]
[Result "1-0"]
[WhiteElo "2413"]
[BlackElo "2126"]

1.d4 d5 2.c4 Nc6 3.Nc3 dxc4 4.Nf3 Nf6 5.e4 Bg4 6.Be3 e6 7.Bxc4 Bb4 8.Qc2 Bxf3
9.gxf3 Qe7 10.Bb5 O-O 11.a3 Bxc3+ 12.Qxc3 Rfd8 13.Rg1 e5 14.Bxc6 bxc6 15.dxe5 Nh5
16.Bg5 Qe6 17.Bxd8 Rxd8 18.Rd1 Re8 19.Rg4 f5 20.exf6 Nxf6 21.Rg3 Nh5 22.Rg5 Qh6
23.Qc4+ Kh8 24.Qf7 Nf6 25.Rf5 Rg8 26.Ke2 Qh4 27.Rg1 Nxe4 28.fxe4 Qxe4+ 29.Kf1  1-0

[Event "35th Barbera Open A"]
[Site "Barbera del Valles ESP"]
[Date "2012.07.11"]
[Round "8.5"]
[White "Hernandez Carmenates,Hold"]
[Black "Palit,S"]
[Result "1/2-1/2"]
[WhiteElo "2569"]
[BlackElo "2393"]

1.d4 d5 2.c4 Nc6 3.Nf3 Bg4 4.Nc3 e6 5.Bf4 Bd6 6.Bg3 Nf6 7.e3 O-O 8.cxd5 exd5
9.Be2 Ne4 10.O-O Bxg3 11.hxg3 Re8 12.Rc1 Qd6 13.Nxe4 dxe4 14.Nd2 Bxe2 15.Qxe2 Nb4
16.Qg4 Qe7 17.Rc5 Nd3 18.Rc3 Nxb2 19.Rb3 Na4 20.Rxb7 Nc3 21.Rb3 Nxa2 22.Nxe4 Qxe4
23.Qxe4 Rxe4 24.Ra1 c5 25.Rxa2 cxd4 26.Rxa7 Rae8 27.Rb4 h5 28.exd4 Re1+ 29.Kh2 Rf1
30.Rb2 Ree1 31.g4 h4 32.g3 Rh1+ 33.Kg2 h3+ 34.Kf3 Re6 35.g5 Rd1 36.Rb8+ Kh7
37.Raa8 Kg6 38.Rh8 Rxd4 39.Ra5 Rde4 40.Rxh3 R4e5 41.Ra4 Rxg5 42.Kg2 Re2 43.g4 Rge5
44.Rf3 R5e4 45.Ra6+ f6 46.Kg3 Re1 47.Rf4 Rxf4  1/2-1/2

[Event "11th La Fere Open"]
[Site "La Fere FRA"]
[Date "2012.07.12"]
[Round "7.28"]
[White "Herman,Jose"]
[Black "Koechler,Thomas"]
[Result "0-1"]
[WhiteElo "1641"]
[BlackElo "1960"]

1.d4 d5 2.c4 Nc6 3.Nc3 Nf6 4.Bg5 dxc4 5.e3 e5 6.d5 Nb4 7.Bxc4 Bf5 8.e4 Bd7
9.Nf3 h6 10.Bh4 Bd6 11.a3 Na6 12.Qe2 Rb8 13.b4 Qc8 14.Rc1 Nh5 15.Bg3 Nxg3
16.fxg3 O-O 17.O-O c5 18.dxc6 Qxc6 19.Bd5 Qb6+ 20.Kh1 Nc7 21.Nh4 a6 22.Nf5 Bb5
23.Qf2 Nxd5 24.Nxd5 Qxf2 25.Rxf2 Rfd8 26.Rd2 Bf8 27.Rcd1 Kh8 28.h4 Rbc8 29.Re1 Rc4
30.Kh2 g6 31.Nfe3 Rxe4 32.g4 Rd4 33.Rf2 Bc6 34.Nb6 Rf4 35.Rc2 Rd3 36.Ned5 f6
37.Re3 Rxe3 38.Nxe3 Re4 39.Nec4 Rxg4 40.g3 Bg7 41.Na5 Bb5 42.Nxb7 f5 43.Nd6 f4
44.Ne4 fxg3+ 45.Nxg3 Rxh4+ 46.Kg2 e4 47.Nd5 Bd4 48.Nc3 Bd3 49.Rc1 Rg4  0-1

[Event "14th Saint-Lo Festival IM"]
[Site "Saint-Lo FRA"]
[Date "2012.07.12"]
[Round "7"]
[White "Bouget,A"]
[Black "Bakalarz,M"]
[Result "1-0"]
[WhiteElo "2202"]
[BlackElo "2323"]

1.d4 d5 2.c4 Nc6 3.Nf3 Bg4 4.Qa4 dxc4 5.e3 a6 6.Qxc4 Nf6 7.Be2 Qd5 8.Qa4 b5
9.Qb3 Qxb3 10.axb3 Ra7 11.Nc3 e6 12.Ne5 Nxe5 13.dxe5 Bxe2 14.Kxe2 Nd7 15.Nxb5 Rb7
16.Nd4 Nb8 17.Bd2 c5 18.Nf3 Rxb3 19.Bc3 Be7 20.Nd2 Rb5 21.Nc4 Kd7 22.Rhd1+ Kc8
23.f4 h5 24.e4 Rd8 25.Rxd8+ Kxd8 26.f5 g6 27.f6 Bf8 28.h3 Rb7 29.g4 hxg4
30.hxg4 Nd7 31.Rxa6 Kc7 32.Ra1 Kb8 33.Rh1 Ka7 34.Rh7 Nb6 35.Na5 Rc7 36.Nc6+ Ka6
37.Nd8 Rd7 38.Nxf7 c4 39.Ng5 Rd3 40.Nxe6  1-0

[Event "XXI TCh-MKD 2012"]
[Site "Struga MKD"]
[Date "2012.07.18"]
[Round "3.1"]
[White "Damljanovic,B"]
[Black "Krstevski,V"]
[Result "1-0"]
[WhiteElo "2564"]
[BlackElo "2155"]

1.d4 d5 2.c4 Nc6 3.Nc3 e5 4.cxd5 Nxd4 5.e3 Nf5 6.Nf3 Bd6 7.e4 Nfe7 8.Bb5+ Bd7
9.Qb3 b6 10.O-O h6 11.Be3 Nf6 12.h3 O-O 13.Rac1 a6 14.Bxd7 Nxd7 15.Rfe1 Ng6
16.Ne2 Kh7 17.Ng3 Ne7 18.Qc2 g6 19.Qd2 Ng8 20.Rc6 Nb8 21.Rc4 Nd7 22.Rec1 a5
23.h4 f5 24.Bxh6 Nxh6 25.Ng5+ Kg8 26.Ne6 Qxh4 27.exf5 Ng4 28.Rxg4 Qxg4 29.Rc4 Qxc4
30.Qh6 Rf7 31.Qxg6+ Kh8 32.Qxf7 Qc1+ 33.Nf1 Qh6 34.Qxd7 Rg8 35.Qf7 e4 36.Ne3 Be5
37.b3 Qh7 38.Qxh7+ Kxh7 39.g4 b5 40.g5 a4 41.Ng4 axb3 42.axb3 Bc3 43.Kf1 Ra8
44.g6+ Kh8 45.f6 e3 46.fxe3  1-0

[Event "23rd Czech Open Rapid"]
[Site "Pardubice CZE"]
[Date "2012.07.19"]
[Round "5.4"]
[White "Mozharov,M"]
[Black "Plat,V"]
[Result "1/2-1/2"]
[WhiteElo "2500"]
[BlackElo "2492"]

1.d4 d5 2.c4 Nc6 3.Nc3 dxc4 4.Nf3 Bg4 5.e3 Nf6 6.Bxc4 e6 7.h3 Bh5 8.Bb5 Nd7
9.O-O Bd6 10.b3 O-O 11.Bb2 e5 12.Be2 exd4 13.Nxd4 Bxe2 14.Ncxe2 Nxd4 15.Nxd4 Be5
16.Qc2 c5 17.Nb5 Bxb2 18.Qxb2 Qb6 19.Nc3 Qc6 20.Rfd1 Nf6  1/2-1/2

[Event "12th Valle del Chiese Open"]
[Site "Condino ITA"]
[Date "2012.07.22"]
[Round "2"]
[White "Brun,D"]
[Black "Bortolotti,S"]
[Result "1-0"]
[WhiteElo "2262"]
[BlackElo "1772"]

1.d4 d5 2.c4 Nc6 3.Nc3 Nf6 4.Nf3 Bf5 5.cxd5 Nxd5 6.Qb3 e6 7.e4 Nxc3 8.exf5 Nd5
9.Bd2 Bb4 10.Bxb4 Ndxb4 11.fxe6 fxe6 12.a3 Qd5 13.Qxd5 Nxd5 14.Bb5 Ne7 15.Ng5 O-O-O
16.Bxc6 Nxc6 17.Nf7 Nxd4 18.O-O Rhf8 19.Nxd8 Kxd8 20.Rad1 c5 21.Rfe1 Ke7
22.Re4 Rd8 23.Kf1 Rd6 24.f4 a5 25.Re5 b6 26.g4 g6 27.Rd3 Nc6 28.Ree3 Rxd3
29.Rxd3 a4 30.Rh3 Kf6 31.Rxh7 Ne7 32.g5+  1-0

[Event "12th Valle del Chiese Open"]
[Site "Condino ITA"]
[Date "2012.07.24"]
[Round "3"]
[White "Caldara,S"]
[Black "Buratti,M"]
[Result "0-1"]
[WhiteElo "1780"]
[BlackElo "1994"]

1.d4 d5 2.c4 Nc6 3.cxd5 Qxd5 4.e3 e5 5.Nc3 Bb4 6.Bd2 Bxc3 7.bxc3 e4 8.c4 Qg5
9.h4 Qe7 10.Ne2 Nh6 11.Nc3 O-O 12.Be2 a5 13.Nd5 Qd6 14.Nf4 b6 15.Rc1 Nd8
16.c5 bxc5 17.Rxc5 Ne6 18.Nxe6 Bxe6 19.Qc2 Bg4 20.Bxg4 Nxg4 21.Qxe4 Nf6 22.Qc2 Rfe8
23.O-O Ne4 24.Rc1 Qf6 25.Be1 Nxc5 26.Qxc5 Qxh4 27.Qxc7 a4 28.a3 Ra6 29.Qd7 Qd8
30.Qf5 Rh6 31.Qb5 Qb8 32.Qxa4 Qh2+ 33.Kf1 Qh1+ 34.Ke2 Qh5+ 35.Kd2 Rhe6 36.d5 Qxd5+
37.Ke2 Qxg2 38.Qf4 Re4 39.Qf3 Qg6 40.Bc3 Qa6+ 41.Kd2 Qxa3 42.Bd4 Rxd4+ 43.exd4 Qxf3  0-1

[Event "Politiken Cup 2012"]
[Site "Helsingor DEN"]
[Date "2012.07.28"]
[Round "1.27"]
[White "Bekker Jensen,S"]
[Black "Rasmussen,M1"]
[Result "1-0"]
[WhiteElo "2394"]
[BlackElo "1893"]

1.d4 d5 2.c4 Nc6 3.Nc3 dxc4 4.d5 Ne5 5.f4 Ng4 6.e4 e5 7.f5 h5 8.Nf3 Bc5 9.Qa4+ Bd7
10.Qxc4 Qe7 11.h3 N4f6 12.Bg5 a6 13.Qb3 b5 14.a4 b4 15.Nd1 Qd6 16.Qc4 Bb6
17.Ne3 Nh7 18.Qc1 Nxg5 19.Nxg5 Qh6 20.Nc4 Bd4 21.Qd2 Nf6 22.Bd3 O-O 23.Nf3 Qxd2+
24.Kxd2 Rfe8 25.Rhc1 a5 26.Kc2 c6 27.d6 c5 28.Nxd4 cxd4 29.Kb3 Bc6 30.Nb6 Bxe4
31.Bxe4 Nxe4 32.Nxa8 Rxa8 33.d7 Nd6 34.Rc6  1-0

[Event "Politiken Cup 2012"]
[Site "Helsingor DEN"]
[Date "2012.07.29"]
[Round "2.130"]
[White "Marthedal,Anton Mehmet Yildiz"]
[Black "Undheim,B"]
[Result "0-1"]
[WhiteElo "1334"]
[BlackElo "1817"]

1.d4 d5 2.c4 Nc6 3.Nc3 dxc4 4.d5 Ne5 5.Bf4 Ng6 6.Bg3 Nf6 7.e4 e5 8.Qa4+ Bd7
9.Qxc4 Bd6 10.Nf3 Qe7 11.Qb3 O-O 12.Be2 Bb4 13.O-O Bxc3 14.Qxc3 Nxe4 15.Qxc7 Rfc8
16.Qxb7 Rcb8 17.Qc7 Rxb2 18.Bd3 Nxg3 19.fxg3 Rxg2+ 20.Kh1 Rb2 21.Bxg6 hxg6
22.Nxe5 Rc8 23.Qxd7 Rcc2 24.Rxf7 Rxh2+ 25.Kg1 Qc5+  0-1

[Event "Politiken Cup 2012"]
[Site "Helsingor DEN"]
[Date "2012.07.29"]
[Round "3.63"]
[White "Brorsen,J"]
[Black "Rasmussen,M1"]
[Result "1-0"]
[WhiteElo "2121"]
[BlackElo "1893"]

1.d4 d5 2.c4 Nc6 3.Nc3 dxc4 4.d5 Ne5 5.f4 Ng4 6.e4 e5 7.f5 h5 8.Qa4+ Qd7
9.Qxc4 a6 10.h3 N4f6 11.Nf3 b5 12.Qd3 Bd6 13.Be3 Bb7 14.Rd1 Ne7 15.a3 Rd8
16.Qc2 c6 17.dxc6 Qxc6 18.Ng5 O-O 19.g4 hxg4 20.hxg4 Nxg4 21.Qg2 Nh6 22.Rxh6 gxh6
23.Ne6+ Ng6 24.Nxd8 Rxd8 25.fxg6 f5 26.Qh3 f4 27.Qe6+  1-0